المرشد في التربية العملية / (رقم التسجيلة. 1968)

تفاصيل مارك
000 -LEADER
fixed length control field 00666nam a22002057a 4500
005 - DATE AND TIME OF LATEST TRANSACTION
control field 20251108164032.0
008 - FIXED-LENGTH DATA ELEMENTS--GENERAL INFORMATION
fixed length control field 250721s1994 xx 000 0 ara d
082 14 - DEWEY DECIMAL CLASSIFICATION NUMBER
Classification number 371.3/شار
100 1# - MAIN ENTRY--PERSONAL NAME
Personal name الشارف، أحمد العريفي
245 10 - TITLE STATEMENT
Title المرشد في التربية العملية /
264 1# - PRODUCTION, PUBLICATION, DISTRIBUTION, MANUFACTURE, AND COPYRIGHT NOTICE
Place of production, publication, distribution, manufacture طرابلس (ليبيا) :
Name of producer, publisher, distributor, manufacturer الدار الجماهيرية،
Date of production, publication, distribution, manufacture, or copyright notice 1994.
300 ## - PHYSICAL DESCRIPTION
Extent 92ص
650 17 - SUBJECT ADDED ENTRY--TOPICAL TERM
Topical term or geographic name as entry element التربية العملية
650 17 - SUBJECT ADDED ENTRY--TOPICAL TERM
Topical term or geographic name as entry element أساليب التدريس
650 17 - SUBJECT ADDED ENTRY--TOPICAL TERM
Topical term or geographic name as entry element التدريس
700 1# - ADDED ENTRY--PERSONAL NAME
Personal name عبد الدائم، عبد الحميد
700 1# - ADDED ENTRY--PERSONAL NAME
Personal name المقرم، سعد خليفه
942 ## - ADDED ENTRY ELEMENTS (KOHA)
Source of classification or shelving scheme Dewey Decimal Classification
Koha item type كتب
المقتنيات
حالة السحب حالة الفقدان مصدر التصنيف حالة التلف غير قابل للإعارة المكتبة الرئيسية المكتبة الحالية موقع الرف تاريخ التزويد الرقم المتسلسل Total Checkouts رقم الإستدعاء الباركود تاريخ آخر ظهور تاريخ الفاتورة نوع المادة (كوها)
    Dewey Decimal Classification     المكتبة المركزية المكتبة المركزية الإعارة 06/07/2004 321967   371.3/شار 321967 28/07/2025 06/07/2004 كتب
Implemented & Customized by: BBB with SCIT (Smart Chains for Information Technology)

Powered by Koha